000 00838nam a22002177a 4500
999 _c65582
_d65582
005 20240530110832.0
008 190903s1987 ua a g b 000 0 ara d
017 _bمصر. دار الكتب
_a1987/4214
040 _aEG-CaGPL
_cEG-CaGPL
082 0 4 _221
_a247.82 \
_bر ت
100 0 _aرمضان عبدالودود عبدالتواب مبروك محمد اللخمى
245 1 2 _aالتعليل بالمصلحة عند الاصوليين /
_cتأليف رمضان عبدالودود عبدالتواب مبروك محمد اللخمى
250 _aط.1
260 _aالقاهرة :
_c1987 .
300 _a368 ص. ؛
_c24 سم.
504 _aيشتمل على ارجاعات ببليوجرافية
650 0 7 _aالاصوليين
_2qrmak
651 _2qrmak
942 _2ddc
_cBK